| 000 | 00728cam a2200241 i 4500 | ||
|---|---|---|---|
| 005 | 20131029105805.0 | ||
| 008 | 780831s1978 ne a b 001 0 eng | ||
| 010 | _a | ||
| 020 | _a0898380057 | ||
| 041 | 0 | _aeng | |
| 080 | _a316 | ||
| 100 | 1 | _aCavallo, Roger E. | |
| 245 | 1 | 4 |
_aThe role of systems methodology in social science research / _cRoger E. Cavallo. |
| 260 |
_aBoston : _bM. Nijhoff, _c1979. |
||
| 300 |
_aix, 202 p. : _bill. ; _c24 cm. |
||
| 440 | 0 |
_aFrontiers in systems research ; _vv. 1 |
|
| 500 | _aPreface : f.[V] - VI | ||
| 500 | _aIncludes indexes. | ||
| 504 | _aBibliography: p. [187]-195. | ||
| 650 | 0 |
_aShkencat shoqërore _xHulumtim |
|
| 650 | 0 |
_aShkencat shoqërore _xMetodologjia |
|
| 942 |
_2udc _cBK |
||
| 999 |
_c210 _d210 |
||